000
00298nam a2200109Ia 4500
008
200302s9999 xx 000 0 und d
100
_a
Julia Czerniak
245
_a
Nw city books formerly urban projecting rust belt futures
260
_b
Princeton Architectural Press
260
_c
2013
300
_a
207
999
_c
5912
_d
5912